Problemas de Medicina Legal / (Record no. 138224)

MARC details
000 -LEADER
campo de control de longitud fija 00642nam a2200181 4500
001 - NÚMERO DE CONTROL
campo de control 138224
003 - IDENTIFICADOR DE NÚMERO DE CONTROL
campo de control ES-MaACL
005 - FECHA Y HORA DE LA ÚLTIMA TRANSACCIÓN
campo de control 20250929063206.0
007 - CAMPO FIJO DE DESCRIPCIÓN FÍSICA--INFORMACIÓN GENERAL
campo de control de longitud fija t|
008 - DATOS DE LONGITUD FIJA--INFORMACIÓN GENERAL
campo de control de longitud fija 070214s1953 sp r ||||1| spa d
100 1# - ENTRADA PRINCIPAL--NOMBRE DE PERSONA
Nombre de persona Sánchez Tejerina, Isaías,
Fechas asociadas al nombre 1892-1959
9 (RLIN) 102947
245 10 - MENCIÓN DEL TÍTULO
Título Problemas de Medicina Legal /
Mención de responsabilidad, etc. por Isaías Sánchez Tejerina y Juan Antonio Sánchez Tejerina y Sanjurjo.
260 ## - PUBLICACIÓN, DISTRIBUCIÓN, ETC.
Lugar de publicación, distribución, etc. Madrid :
Nombre del editor, distribuidor, etc. [s. n.],
Fecha de publicación, distribución, etc. 1953 (
Fabricante Imp. y Litografía Juan Bravo)
300 ## - DESCRIPCIÓN FÍSICA
Extensión 226 p. ;
Dimensiones 24 cm.
700 1# - ENTRADA AGREGADA--NOMBRE PERSONAL
Nombre de persona Sánchez Tejerina y Sanjurjo, Juan Antonio.
9 (RLIN) 102948
852 ## - LOCALIZACIÓN
Ubicación ES-MaACL
Número de control de estantería C-6183
Sublocalización o colección R.35451
Holdings
Estatus retirado Estado de pérdida Estado de daño No para préstamo Biblioteca de origen Biblioteca actual Ubicación en estantería Fecha de adquisición Fuente de adquisición Total de préstamos Signatura topográfica completa Código de barras Visto por última vez Precio de reemplazo Tipo de ítem Koha
        Biblioteca del Ateneo de Madrid Biblioteca del Ateneo de Madrid Sala Palomar 17/01/2008     C-6183 1143831 23/02/2023 23/02/2023 Libro impreso